000 00760nam a22001577a 4500
003 OSt
005 20150919094132.0
008 150919b xxu||||| |||| 00| 0 eng d
040 _cRUA
082 _aAGR TY 2006 B034 Or.1
100 _9821
_aTY, LYPHANN.
245 _aEffect of AB fertilizer on growing of tomato TMK2 in solution knop grown green-house ឥទ្ធិពលនៃជីស្លឹក អាបេ ទៅលើការលូតលាស់ដំណាំប៉េងប៉ោះ តេ អឹម កា ដឺ ដែលប្រើសូលុយស្យុងក្នូប ក្នុងលក្ខខណ្ឌផ្ទះផ្លាស្ទិច
260 _aPhnom Penh
_bRUA
_c2006
300 _a57p.
_bill.
_c29cm.
942 _2ddc
_cAGR
999 _c792
_d792